Sanat - "Älä tyri nyt" - Jukka Poika - Statistics

Yleistilastot
  • Tätä visaa on pelattu 342 kertaa
  • Keskiarvotulos 87 / 182
Vastaustilastot
Sanat % Oikein
Älä
95%
älä
95%
nyt,
93%
nyt
93%
tyri
93%
lyö
86%
ja
85%
yli
85%
valtaan
84%
antaudu
81%
angstin
78%
ku
78%
jo
70%
Tää
67%
mee
65%
peltoo,
63%
et
62%
herättää
62%
laakeeta
62%
maisema
60%
hanki
59%
pätevyys,
59%
vuosia
59%
jumalanpelkoo
57%
on
57%
Pystymetsää
57%
Käy
56%
koulut
56%
oo
56%
syyks,
56%
päihteiden
55%
sitä
55%
voi
55%
Kun
52%
sun
52%
Täällä
52%
täällä,
52%
täällä
52%
kanssa
50%
maailmaan
50%
maailmaan,
50%
taivas
50%
kuoleman
49%
tähän
49%
yllä
49%
eteenpäi
48%
kylää
48%
nuori
48%
päittemme
48%
sotilas
48%
kyllästyny
47%
leikkinyt
47%
Oot
47%
rauhaton
47%
sydän,
47%
kuolleeseen
46%
kylään
46%
pääset
45%
Jengi
44%
kotia,
44%
roikkuu
44%
uhkaavana
43%
ettet
41%
panna
41%
pitämään
39%
pystynyt
39%
huolella
38%
maltat
38%
mielesi,
38%
kestä
37%
rotia.
35%
ei
33%
vielä
31%
mutta
29%
ne
28%
perjantai-ilta,
28%
Taas
28%
Vaikket
28%
äänet
27%
perinteinen
27%
Sul
27%
kaupungilta
26%
matkalippu
26%
aikaa
25%
kaikuu
25%
säädöt,
25%
säätämään,
25%
tänään
25%
toiseen
25%
jonkin
24%
mukaan
24%
tätä
24%
paikkaa,
23%
sua
23%
Jaksat
22%
olla
22%
ihmisii
21%
näit
21%
rallin
21%
jääkööt
19%
pykinyt,
19%
Frendi
18%
kysyy
17%
mesta
17%
kunhan
15%
Oon
15%
haalimaan
13%
pysy
13%
hankaluuksia
12%
puun
12%
kuoren
11%
vähissä
11%
välissä
11%
Mahikset
10%
tovin
10%
kii
9%
elämässä
8%
kokoseks
8%
rupeis
8%
Hölmö
7%
focuses.
5%
päässä,
5%
paistaa
5%
sinnittelet,
5%
tunnelin
5%
Valo
5%
Ehtoja vastaavia visoja ei löytynyt
Tulosjakauma
Jokaisen tuloksen saaneiden osuus
Persentiili vastausten määrän mukaan
Tuloshistoriasi
Et ole pelannut tätä visaa